LEADER 00855nam0-22003251i-450- 001 990003817790403321 005 20061026133220.0 010 $a88-339-1173-X 035 $a000381779 035 $aFED01000381779 035 $a(Aleph)000381779FED01 035 $a000381779 100 $a20030910d--------km-y0itay50------ba 101 0 $aita 105 $ay-------001yy 200 1 $aFuori luogo$ecronaca da un campo rom$fMarco Revelli 205 $a1. ed. 210 $aTorino$cBollati Boringhieri$d1999 215 $a114 p.$d18 cm 225 1 $aVariantine 610 0 $aZIGANI 676 $a305.891497 700 1$aRevelli,$bMarco$f<1947- >$0128061 801 0$aIT$bUNINA$gRICA$2UNIMARC 901 $aBK 912 $a990003817790403321 952 $a305.891497 REV 1$b7479$fBFS 959 $aBFS 996 $aFuori luogo$9219032 997 $aUNINA LEADER 02357nam0 22004693i 450 001 VAN0256265 005 20230726031345.27 017 70$2N$a9783540377412 100 $a20230327d1974 |0itac50 ba 101 $aeng 102 $aDE 105 $a|||| ||||| 200 1 $aˆThe ‰Pontryagin Duality of Compact O-Dimensional Semilattices and Its Applications$fKarl Heinrich Hofmann, Michael Mislove, Albert Stralka 210 $aBerlin$cSpringer$d1974 215 $axvi, 122 p.$d24 cm 461 1$1001VAN0102250$12001 $aLecture notes in mathematics$1210 $aBerlin [etc.]$cSpringer$v396 606 $a20-XX$xGroup theory and generalizations [MSC 2020]$3VANC019715$2MF 606 $a06-XX$xOrder, lattices, ordered algebraic structures [MSC 2020]$3VANC019973$2MF 606 $a22-XX$xTopological groups, Lie groups [MSC 2020]$3VANC020459$2MF 606 $a20M10$xGeneral structure theory for semigroups [MSC 2020]$3VANC023838$2MF 606 $a22A15$xStructure of topological semigroups [MSC 2020]$3VANC024320$2MF 606 $a18A40$xAdjoint functors (universal constructions, reflective subcategories, Kan extensions, etc.) [MSC 2020]$3VANC029034$2MF 606 $a06B05$xStructure theory of lattices [MSC 2020]$3VANC033991$2MF 610 $aCharacter theory$9KW:K 610 $aLattices$9KW:K 610 $aPontryaginian duality$9KW:K 610 $aSemilattices$9KW:K 620 $dBerlin$3VANL000066 700 1$aHofmann$bKarl H.$3VANV044231$0725876 701 1$aMislove$bAlbert$3VANV209630$01347019 701 1$aStralka$bAlbert$3VANV209631$058906 712 $aSpringer $3VANV108073$4650 790 1$aHofmann, Karl Heinrich$zHofmann, Karl H.$3VANV064137 790 1$aHofmann, K. H.$zHofmann, Karl H.$3VANV064140 801 $aIT$bSOL$c20240614$gRICA 856 4 $uhttps://doi.org/10.1007/BFb0065929$zE-book ? Accesso al full-text attraverso riconoscimento IP di Ateneo, proxy e/o Shibboleth 899 $aBIBLIOTECA DEL DIPARTIMENTO DI MATEMATICA E FISICA$1IT-CE0120$2VAN08 912 $fN 912 $aVAN0256265 950 $aBIBLIOTECA DEL DIPARTIMENTO DI MATEMATICA E FISICA$d08CONS e-book 5827 $e08eMF5827 20230407 996 $aPontryagin Duality of Compact O-Dimensional Semilattices and Its Applications$93082826 997 $aUNICAMPANIA